لفظيا ت ا شعا ر غا لب (Record no. 166701)

MARC details
000 -LEADER
fixed length control field 00670nam a22001937a 4500
005 - DATE AND TIME OF LATEST TRANSACTION
control field 20190805170053.0
010 ## - LCCN (DPL NO)
LC control number UR-10344
020 ## - INTERNATIONAL STANDARD BOOK NUMBER
Terms of availability 300.00
International Standard Book Number 8187887192
035 ## - SYSTEM CONTROL NUMBER
System control number U-8899
037 ## - SOURCE OF ACQUISITION
Source of stock number/acquisition DBAD/PUB
082 ## - DEWEY DECIMAL CLASSIFICATION NUMBER
Classification number 440
100 ## - MAIN ENTRY--PERSONAL NAME
Personal name مو لف: ضمير الد ين
245 ## - TITLE STATEMENT
Title لفظيا ت ا شعا ر غا لب
Statement of responsibility, etc مو لف: ضمير الد ين
246 ## - VARYING FORM OF TITLE
Remainder of title Lafziat-e-Ash"AAR-e-Ghalib (Urdu)
Title proper/short title by Prof.Zameeruddin
260 ## - PUBLICATION, DISTRIBUTION, ETC. (IMPRINT)
Place of publication, distribution, etc Bhopal
Name of publisher, distributor, etc Fas Computeronics
Date of publication, distribution, etc 2019 ء
270 ## - ADDRESS
Address 37,Opp. Chowki Talayya Masjid Ghulam Mehmood Road,
City Bhopal
Postal code 462001
Telephone number 9424417638
Fax number -
300 ## - PHYSICAL DESCRIPTION
Extent 247 ص
Dimensions 22 Cm(Hb)
942 ## - ADDED ENTRY ELEMENTS (KOHA)
Source of classification or shelving scheme Dewey Decimal Classification
Item type Urdu Bks
Classification part 440
Call number suffix ض م ی
Holdings
Withdrawn status Lost status Not for loan Collection code Home library Current library Date acquired Source of acquisition Cost, normal purchase price Full call number Barcode Copy number Cost, replacement price Koha item type
    Not For Loan Non-fiction D.B.Act.Division D.B.Act.Division 05/08/2019 DBAD/PUB 300.00 440 ض م ی U-8899 1 300.00 Urdu Bks

© Delhi Public Library
Hit Counter
free hit counter